| 000 | 00911cam a22002531 4500 | ||
|---|---|---|---|
| 001 | gs 50000060 | ||
| 003 | DLC | ||
| 005 | 20260227111356.0 | ||
| 008 | 761113s1949 txu 000 0 eng | ||
| 010 | _ags 50000060 | ||
| 035 | _a(OCoLC)2556773 | ||
| 040 |
_aDLC _cTx _dOCoLC _dDLC |
||
| 042 | _apremarc | ||
| 050 | 0 | 0 |
_aGB1025.T4 _bA5 1949b |
| 110 | 2 | _aTexas Water Commission. | |
| 245 | 1 | 0 |
_aGround-water resources of Borden County, Texas, _cby W. C. Ellis. Prepared in cooperation between the Geological Survey, United States Dept. of the Interior, and the Texas State Board of Water Engineers. |
| 260 |
_a[Austin?] _c1949 |
||
| 300 |
_a26 l. _bmaps. _c28 cm. |
||
| 500 | _aCover title. | ||
| 500 | _aU.S. Geological survey. Library, for Library of Congress. | ||
| 650 | 0 |
_aGroundwater _zTexas _zBorden County. |
|
| 650 | 0 |
_aWater-supply _zTexas _zBorden County. |
|
| 700 | 1 |
_aEllis, William C., _d1925- |
|
| 999 |
_c28440 _d28440 |
||